100 Biggest Cities in England under William the Conqueror - Statistics

General Stats
  • This quiz has been taken 8,819 times
    7,525 since last reset
  • The average score is 18 of 100
Answers on the Map
Answers color-coded by a green-red scale on the quiz's map according to % correct below.
 
Answer Stats
Population City % Correct
25,000 Lunden (London)
99%
5,905 Eurvic (York)
84%
2,045 Oxeneford (Oxford)
73%
3,300 Bristou (Bristol)
72%
2,800 Grentebrige (Cambridge)
70%
1,035 Sanctus Eadmundus Berie (Bury St Edmunds)
69%
6,790 Norwic (Norwich)
65%
2,100 Dovere (Dover)
64%
1,105 Hantune (Southampton)
63%
1,190 Snotingeham (Nottingham)
62%
1,650 Bade (Bath)
61%
1,825 Ledecestre (Leicester)
55%
2,055 Execestre (Exeter)
52%
2,300 Caunterberie (Canterbury)
51%
1,640 Cestre (Chester)
50%
1,610 Gepeswic (Ipswich)
49%
3,065 Glowecestre (Gloucester)
49%
5,085 Lincolia (Lincoln)
49%
8,500 Wincestre (Winchester)
45%
1,475 Northantone (Northampton)
42%
1,350 Wirecestre (Worcester)
42%
2,075 Colecestre (Colchester)
37%
2,485 Haestingas (Hastings)
37%
2,415 Hereford
33%
900 Sarisberie (Salisbury)
27%
1,835 Warwic (Warwick)
25%
1,245 Sciropesberie (Shrewsbury)
24%
1,500 Cicestre (Chichester)
22%
1,250 Gernemwa (Great Yarmouth)
18%
1,295 Rouecestre (Rochester)
17%
2,395 Tantone (Taunton)
16%
800 Bochingheha (Buckingham)
15%
1,975 Fulchestan (Folkestone)
14%
950 Dorecestre (Dorchester)
13%
905 Hertforde (Hertford)
13%
910 Gildeford (Guildford)
10%
2,035 Stanford (Stamford)
10%
1,300 Hame (West Ham)
9%
945 Rameslie (Rye)
9%
2,075 Sandwic (Sandwich)
9%
4,205 Tetford (Thetford)
9%
2,120 Lewes
8%
830 Fuleham (Fulham)
7%
915 Grantham
7%
1,880 Huntedone (Huntingdon)
7%
800 Sudwerche (Southwark)
6%
885 Chepeha (Chippenham)
5%
840 Harundel (Arundel)
5%
2,410 Hyþ (Hythe)
5%
2,065 Wiltun (Wilton)
5%
980 Bartone (Barton-upon-Humber)
4%
2,425 Dunewic (Dunwich)
4%
1,020 Critetone (Crediton)
3%
975 Inisingetuna (Islington)
3%
900 Melduna (Maldon)
3%
1,195 Niwetone (Newton St Cyres)
3%
1,515 Sceptesberie (Shaftesbury)
3%
1,215 Tanet (Minster-in-Thanet)
3%
2,455 Walingeford (Wallingford)
3%
1,880 Wimundham (Wymondham)
3%
1,160 Cauna (Calne)
2%
1,170 Melchesha (Melksham)
2%
1,195 Scireburne (Sherborne)
2%
1,165 Scireburne (Sherburn-in-Elmet)
2%
1,865 Staninges (Steyning)
2%
1,060 Sudwelle (Southwell)
2%
850 Westberie (Westbury)
2%
825 Winborne (Wimborne Minster)
2%
1,530 Alþintone (Aldington)
1%
1,075 Bongeia (Bungay)
1%
800 Brunlei (Bramley)
1%
975 Buccham (Old Buckenham)
1%
860 Carltorp (Caythorpe)
1%
1,065 Ciliecube (Chilcomb)
1%
980 Dicelinges (Ditchling)
1%
900 Givelcestre (Ilchester)
1%
820 Inphincha (Fincham)
1%
1,100 Lamport (Langport)
1%
850 Leminges (Lyminge)
1%
945 Lodham (Ludham)
1%
1,325 Meleburne (Milborne Port)
1%
1,550 Mellinges (South Malling)
1%
1,965 Middeltune (Milton Regis)
1%
875 Niworde (Iford)
1%
1,000 Nortcuri (North Curry)
1%
1,240 Odiham
1%
795 Otefort (Otford)
1%
1,130 Piceha (Patcham)
1%
1,060 Redlinctune (Ridlington)
1%
1,045 Sabrixteworde (Sawbridgeworth)
1%
1,360 Salteode (Saltwood)
1%
795 Sciptone (Shipton-under-Wychwood)
1%
860 Scoteleia (Shotley)
1%
835 Silletone (Singleton)
1%
915 Stibenhede (Stepney)
1%
820 Theodulveside (Tilshead)
1%
1,295 Torchesey (Torksey)
1%
930 Ulvredintone (Werrington)
1%
895 Waltuna (West Walton)
1%
890 Writelam (Writtle)
1%
No matching quizzes found
Score Distribution
Percent of People with Each Score
Percentile by Number Answered
Your Score History
You have not taken this quiz since the last reset